000 00383nam a2200121Ia 4500
008 250327s9999 xx 000 0 und d
020 _a9781506382661
082 _bDEN
_aCQR
100 _aROBERT B. DENHARDT, JANET V. DENHARDT, MARIA P. ARISTIGUETA, & KELLY C. RAWLINGS
_933925
245 0 _aMANAGING HUMAN BEHAVIOR IN PUBLIC AND NONPROFIT ORGANIZATIONS
260 _bSAGE
942 _cBK
999 _c6602
_d6602